5 Best, 5 Positions, 5 Years- Milan 2002-2007 - Statistics

General Stats
  • This quiz has been taken 36 times
  • The average score is 15 of 25
Answer Stats
Hint Answer % Correct
Centre-Forwards1. Ukraine Andriy Shevchenko
100%
2. Brazil Kaka
100%
Centre-Backs1. Italy Paolo Maldini
97%
Full-Backs1. Italy Paolo Maldini
97%
2. Brazil Cafu
93%
2. Italy Filippo Inzaghi
93%
2. Italy Alessandro Nesta
90%
2. Netherlands Clarence Seedorf
83%
Central/Defensive-Midfielders1. Italy Andrea Pirlo
79%
3. Portugal Rui Costa
79%
3. Italy Gennaro Gattuso
76%
3. Argentina Hernan Crespo
76%
3. Netherlands Jaap Stam
72%
5. Georgia Kahka Kaladze
55%
Attacking-Midfielders1. Brazil Rivaldo
52%
4. Italy Alessandro Costacurta
41%
4. Italy Massimo Ambrosini
41%
3. Czechia Marek Jankulovski
38%
4. Italy Alberto Gilardino
31%
5. Italy Massimo Oddo
31%
5. Brazil Serginho
28%
4. Brazil Serginho
28%
5. Argentina Fernando Redondo
17%
5. Brazil Ricardo Oliveira
17%
4. France Yoann Gourcuff
17%
No matching quizzes found
Score Distribution
Percent of People with Each Score
Percentile by Number Answered
Your Score History
You have not taken this quiz